| 000 | 00472pab a2200181 454500 | ||
|---|---|---|---|
| 008 | 180718b2002 xxu||||| |||| 00| 0 eng d | ||
| 100 | _aBaby, Smitha | ||
| 245 | _aTotal quality management in agricultural research | ||
| 260 | _c2002 | ||
| 300 | _ap.320-24. | ||
| 362 | _aJul-Sep | ||
| 650 | _aAgricultural research | ||
| 650 | _aTotal quality management | ||
| 650 | _aTotal quality management | ||
| 700 | _aMathew, Joy | ||
| 773 | _aProductivity | ||
| 909 | _a55784 | ||
| 999 |
_c55784 _d55784 |
||